Entry Personal Name
Number of records used in: 1
001 - CONTROL NUMBER
003 - CONTROL NUMBER IDENTIFIER
005 - DATE AND TIME OF LATEST TRANSACTION
- control field:
20200302115217.0
008 - FIXED-LENGTH DATA ELEMENTS
- fixed length control field:
830316n| azannaabn |b aaa
010 ## - LIBRARY OF CONGRESS CONTROL NUMBER
- LC control number:
n 82162146
035 ## - SYSTEM CONTROL NUMBER
- System control number:
(OCoLC)oca00858060
040 ## - CATALOGING SOURCE
- Original cataloging agency:
DLC
- Language of cataloging:
eng
- Transcribing agency:
DLC
- Modifying agency:
OCoLC
- Modifying agency:
DLC
- Modifying agency:
OCoLC
- Modifying agency:
DLC
- Modifying agency:
IEN
- Modifying agency:
DLC
- Description conventions:
rda
046 ## - SPECIAL CODED DATES
100 1# - HEADING--PERSONAL NAME
- Personal name:
ʻAbdurraḥmān, Ṣabāḥuddīn
375 ## - GENDER
377 ## - ASSOCIATED LANGUAGE
- Language code:
urd
- Language code:
ara
- Language code:
per
400 0# - SEE FROM TRACING--PERSONAL NAME
- Personal name:
Ṣabāḥuddīn ʻAbdurraḥmān
400 0# - SEE FROM TRACING--PERSONAL NAME
- Personal name:
Sayyid Ṣabāḥuddīn ʻAbdurraḥmān
400 1# - SEE FROM TRACING--PERSONAL NAME
- Personal name:
Abdur Rahman, Syed Sabah Uddin
400 1# - SEE FROM TRACING--PERSONAL NAME
- Personal name:
Abdur Rahman, Syed Sabahuddin
400 0# - SEE FROM TRACING--PERSONAL NAME
- Personal name:
Syed Sabahuddin Abdur Rahman
400 1# - SEE FROM TRACING--PERSONAL NAME
- Personal name:
ʻAbdurraḥmān, Sayyid Ṣabāḥuddīn
400 0# - SEE FROM TRACING--PERSONAL NAME
- Personal name:
سيد صباح الدين عبدالرحمن
400 0# - SEE FROM TRACING--PERSONAL NAME
- Personal name:
صباح الدين عبدالرحمن
400 1# - SEE FROM TRACING--PERSONAL NAME
- Personal name:
عبدالرحمان، صباح الدين
400 1# - SEE FROM TRACING--PERSONAL NAME
- Personal name:
عبدالرحمٰن، مصباح الدىن
400 1# - SEE FROM TRACING--PERSONAL NAME
- Personal name:
Abdurrahamāna, Saiyyada Sabāhauddīna
400 1# - SEE FROM TRACING--PERSONAL NAME
- Personal name:
Abdurrahman, Syed Sabahuddin
400 1# - SEE FROM TRACING--PERSONAL NAME
- Personal name:
عبدالرحمٰن، سيّد صباحالدّين
400 1# - SEE FROM TRACING--PERSONAL NAME
- Personal name:
Abdur Rahman, S. S.
670 ## - SOURCE DATA FOUND
- Source citation:
His Hindustān ke salāt̤īn ʻulamā ... 1964.
670 ## - SOURCE DATA FOUND
- Source citation:
Alamgir, c1981:
- Information found:
t.p. (Syed Sabahuddin Abdur Rahman)
670 ## - SOURCE DATA FOUND
- Source citation:
Ẓahīruddīn Muḥammad Bābar, 2005:
- Information found:
t.p. (Sayyid Ṣabāḥuddīn ʻAbdurraḥmān)
670 ## - SOURCE DATA FOUND
- Source citation:
Hindustāna ke atīta meṃ musalamāna śasakoṃ kī dhārmika udāratā, 2008- :
- Information found:
t.p. (Saiyyada Sabāhauddīna Abdurrahamāna)
670 ## - SOURCE DATA FOUND
- Source citation:
Info. converted from 678, 2012-10-02
- Information found:
(b. 1911)
670 ## - SOURCE DATA FOUND
- Source citation:
Māhnāmah "Maʻārif" Aʻẓam Gaṛh, 2006:
- Information found:
t.p. verso (سيّد صباحالدّين عبدالرحمٰن = Sayyid Ṣabāḥuddīn ʻAbdurraḥmān)
670 ## - SOURCE DATA FOUND
- Source citation:
Sayyid Ṣabāḥuddīn ʻAbdurraḥmán, 2009:
- Information found:
t.p. (Sayyid Ṣabāḥuddīn ʻAbdurraḥmán = سيّد صباحالدّين عبدالرحمٰن) t.p. verso (Syed Sabahuddin Abdurrahman)
670 ## - SOURCE DATA FOUND
- Source citation:
Bazm-i Taimūriyah, 2009-2011:
- Information found:
t.p. (Sayyid Ṣabāḥuddīn ʻAbdurraḥmán) p. 4 of cover (S.S. Abdur Rahman)